Statistics for Countries condemning Human Rights of the US and the West

Click here to take the quiz!

General Stats

  • This quiz has been taken 100 times
  • The average score is 16 of 26

Answer Stats

HintAnswer% Correct
7China
96%
11Iran
94%
16North Korea
93%
17Pakistan
87%
19Russia
87%
24Syria
86%
8Cuba
78%
22Sudan
78%
3Belarus
77%
25Venezuela
74%
12Laos
72%
5Cambodia
70%
13Myanmar
65%
18 (Unrecognized Country)Palestine
65%
10Eritrea
62%
21South Sudan
58%
1Angola
54%
26Zimbabwe
52%
15Nicaragua
49%
6Cameroon
41%
4Burundi
39%
9Equatorial Guinea
32%
14Namibia
29%
20Saint Vincent and the Grenadines
22%
23Suriname
22%
2Antigua and Barbuda
17%

Score Distribution

Percentile by Number Answered

Percent of People with Each Score

Your Score History

You have not taken this quiz